000 00509nam a2200181Ia 4500
005 20250508160310.0
008 008 250505s9999 xx 000 0 eng d
037 _aTextual
040 _aFEDL
_beng
_cFEDL
041 _aeng
_2eng
084 _a425, HIL
_qFEDL
100 _aHill Leslie A
_967530
245 0 _aStress and intonation step by step companion
260 _aLondon, UK
_bOxford University Press
_c1965
300 _a88p.
942 _cTEXL
_h425, HIL
999 _c1363471
_d1363471